| 000 | 00746nam a22001817a 4500 | ||
|---|---|---|---|
| 003 | CEME | ||
| 005 | 20210628205147.0 | ||
| 008 | 210301b xxu||||| |||| 00| 0 eng d | ||
| 020 | _a1-56091-159-X | ||
| 040 | _c. | ||
| 082 | _a629.2-SAE ALT | ||
| 100 |
_aSae _95223 |
||
| 245 | _aAlternative fuel in the nineties sp-876 sp-876 | ||
| 260 |
_aUSA _bSAE _c1991 |
||
| 300 | _a83P | ||
| 650 |
_aGASOLINE VAN 1-10 DDC'S PRODUCTION 6V 92TA METHANOL BUS ENGINE 11-16 ELECTRIC VEHICLE 17-24 BATTERY TECHNOLOGIES 25-34 LNG VEHICLE DEMONSTRATION PROJECTS 35-42 NATURAL GAS CONVERSION SYSTEMS FOR HEAVY DUTY TRUCK ENGINES 43-50 OPERATION OF A CLASS 8 TRUCK ON NATURAL GAS DIESEL 51-60 ELECTRIC COMPETITION VEHICLE 75-83.SP-876 _974212 |
||
| 942 |
_cBK _2ddc |
||
| 999 |
_c579774 _d579774 |
||